00587nam a2200157 a 4500008004100000020001500041050001700056100001800073245003000091260002600121300001400147350000900161995010900170999001700279952013300296120416s1970 ||||||||||||||||| || u a0281023476 aBT 30.A1 Mbi aMbiti, John S10aConcepts of God in Africa aLondonbS.P.C.Kc1970 axv, 348p. a0.00 D0.00FCBU-MAIN LIBRARY (Kitwe)H1I3.50M1UAVAILABLEWMay 31, 2006ZMain Library Open Access Collection c38339d38339 00102lcc4070a001b001cMain Library Open Access Collectiond2022-11-30l0oBT 30.A1 Mbip001431r2022-11-30w2022-11-30y002